| 000 | 00744nam a2200229Ia 4500 | ||
|---|---|---|---|
| 003 | OSt | ||
| 005 | 20251205143343.0 | ||
| 008 | 220923b |||||||| |||| 00| 0 eng d | ||
| 020 | _a074860460X | ||
| 037 | _cGeneral Book | ||
| 040 |
_aRTL _cRTL _beng |
||
| 041 |
_2eng _aeng |
||
| 084 |
_aY:3(Q7), N4 _qRTL |
||
| 100 |
_aSchimmel Annemarie _941795 |
||
| 245 | 0 | _aDeciphering the signs of God: a phenomenological approach to Islam | |
| 260 |
_aEdinburgh _bEdinburgh University Press UK _c1994 |
||
| 300 |
_axvii ,302 p. _bIncludes bibliographical references and index. |
||
| 500 | _aBibliography: P 258-79 | ||
| 650 |
_aSociology of Islam _9854934 |
||
| 942 |
_hY:3(Q7), N4 _cGB _2CC _n0 |
||
| 999 |
_c546606 _d546606 |
||